| 000 | 01526cab a2200289 4500 | ||
|---|---|---|---|
| 001 | ##L133026 | ||
| 008 | 060404n2006 000 0 eng u | ||
| 035 | _a(Sirsi) u133026 | ||
| 041 | 0 | _aeng | |
| 100 | 1 | _aJardine, Stuart | |
| 245 | 0 | 0 | _aPayment where payment is due |
| 260 | _c2006 | ||
| 490 | 0 |
_aNews on the Block _v(26) 2006, 8-9(2) |
|
| 520 | _aAdvises property managers on how to deal with service charge issues and lessees who will not make payment. Directs them towards knowing the terms of the lease and the statutory rules and legislation available. Looks at the recoverability of managing agents' fees, ground rent, administration charges and the Leasehold Valuation Tribunal's role in settling almost all service charge disputes. Concludes with a list of the 10 problems property managers face. | ||
| 590 | _aIKA110406 | ||
| 650 | 2 | 4 | _aEMBASSY COURT RESIDENTS ASSOCIATION LIMITED V LIPMAN |
| 650 | 2 | 4 | _aLANDLORD AND TENANT ACT 1985 S20B |
| 650 | 2 | 4 | _aLANDLORD AND TENANT ACT 1985 S20 |
| 650 | 2 | 4 | _aLANDLORD AND TENANT ACT 1985 S19 |
| 650 | 2 | 4 | _aLANDLORD AND TENANT ACT 1985 S146 |
| 650 | 2 | 4 | _aCOMMONHOLD AND LEASEHOLD REFORM ACT 2002 S166 |
| 650 | 2 | 4 | _aBANK CHAMBERS V ROYAL BANK OF SCOTLAND |
| 650 | 2 | 4 | _aSERVICE CHARGES (CONSULTATION REQUIREMENTS) (ENGLAND) REGULATIONS 2003 |
| 650 | 2 | 4 | _aUNFAIR TERMS IN CONSUMER CONTRACTS REGULATIONS 1999 |
| 690 | _aPROPERTY-RESIDENTIAL PROPERTY-LEASEHOLD RESIDENTIAL PROPERTY-RESIDENTIAL LANDLORD AND TENANT-RESIDENTIAL SERVICE CHARGES | ||
| 942 | _n0 | ||
| 999 |
_c76750 _d76750 |
||